Our life in gardens / (Record no. 185)

000 -LEADER
fixed length control field 02479cam a22004094a 4500
001 - CONTROL NUMBER
control field 15494901
003 - CONTROL NUMBER IDENTIFIER
control field OSt
005 - DATE AND TIME OF LATEST TRANSACTION
control field 20210417105923.0
008 - FIXED-LENGTH DATA ELEMENTS--GENERAL INFORMATION
fixed length control field 081017s2009 nyua 001 0 eng
010 ## - LIBRARY OF CONGRESS CONTROL NUMBER
LC control number 2008045349
020 ## - INTERNATIONAL STANDARD BOOK NUMBER
International Standard Book Number 9780374160319 (hardcover : alk. paper)
020 ## - INTERNATIONAL STANDARD BOOK NUMBER
International Standard Book Number 0374160317 (hardcover : alk. paper)
035 ## - SYSTEM CONTROL NUMBER
System control number (OCoLC)ocn265087442
040 ## - CATALOGING SOURCE
Original cataloging agency DNAL/DLC
Transcribing agency DLC
Modifying agency YDXCP
-- C#P
-- BWX
-- CDX
-- UPZ
-- VP@
-- BTCTA
-- CQU
-- DLC
042 ## - AUTHENTICATION CODE
Authentication code pcc
050 00 - LIBRARY OF CONGRESS CALL NUMBER
Classification number SB455.3
Item number .E25 2009
070 0# - NATIONAL AGRICULTURAL LIBRARY CALL NUMBER
Classification number SB455.3
Item number .E25 2009
080 ## - UNIVERSAL DECIMAL CLASSIFICATION NUMBER
Universal Decimal Classification number 58
Item number E-20
082 00 - DEWEY DECIMAL CLASSIFICATION NUMBER
Classification number 635
Edition number 22
100 1# - MAIN ENTRY--PERSONAL NAME
Personal name Eck, Joe.
245 10 - TITLE STATEMENT
Title Our life in gardens /
Statement of responsibility, etc. Joe Eck and Wayne Winterrowd ; illustrations by Bobbi Angell.
250 ## - EDITION STATEMENT
Edition statement 1st ed.
260 ## - PUBLICATION, DISTRIBUTION, ETC.
Place of publication, distribution, etc. New York :
Name of publisher, distributor, etc. Farrar, Straus and Giroux,
Date of publication, distribution, etc. 2009.
300 ## - PHYSICAL DESCRIPTION
Extent xi, 322 p. :
Other physical details ill. ;
Dimensions 24 cm.
365 ## - TRADE PRICE
Price amount 30 usd
500 ## - GENERAL NOTE
General note Includes index.
505 0# - FORMATTED CONTENTS NOTE
Formatted contents note Setting out -- Agapanthus -- Annuals -- Arborvitae -- Artichokes -- Bananas -- The bay tree -- Berberis -- Biennials -- Boxwood -- Camellias -- Colchicum -- Corydalis -- Cyclamen -- The daffodil meadow -- Forcing branches -- The garden trowel -- Gentians -- Hardiness -- Hedges -- Hellebores -- Ilex -- Leucojum -- Lilacs -- Magnolias -- Native groundcovers -- Nerines -- Pea season -- The pergola walk -- Poppies -- Pots -- Primroses -- Prunus 'Hally Jolivette' -- Prunus mume -- Rampant plants -- The rock garden and planted walls -- Roses -- Sempervivums -- Snowdrops -- Sorbus alnifolia -- Stewartias -- Summer-blooming bulbs -- Tender rhododendrons -- Time -- Vegetable gardens -- Violets -- Willows -- Wisteria -- Xanthorrhoea quadrangulata -- The future.
520 ## - SUMMARY, ETC.
Summary, etc. In Our Life in Gardens, renowned garden designers Joe Eck and Wayne Winterrowd provide information about the cultivation of plants and their value in the landscape, discussing the various parts of their garden and particular plants--roses and lilacs, snowdrops and cyclamen--and vegetables. The authors also discuss the development of their garden over time, and the dark issue that weighs more and more on their minds: its eventual decline and demise.
650 #0 - SUBJECT ADDED ENTRY--TOPICAL TERM
Topical term or geographic name entry element Gardening
Form subdivision Anecdotes.
653 ## - INDEX TERM--UNCONTROLLED
Uncontrolled term ბიოლოგია
653 ## - INDEX TERM--UNCONTROLLED
Uncontrolled term მებაღეობა
653 ## - INDEX TERM--UNCONTROLLED
Uncontrolled term ბოტანიკა
700 1# - ADDED ENTRY--PERSONAL NAME
Personal name Winterrowd, Wayne.
906 ## - LOCAL DATA ELEMENT F, LDF (RLIN)
a 7
b cbc
c orignew
d 1
e ecip
f 20
g y-gencatlg
942 ## - ADDED ENTRY ELEMENTS (KOHA)
Source of classification or shelving scheme
Koha item type Books
Edition 1
Holdings
Withdrawn status Lost status Source of classification or shelving scheme Damaged status Not for loan Permanent location Current location Date acquired Inventory number Full call number Barcode Date last seen Price effective from Koha item type
          Ken Walker International University Ken Walker International University 11/12/2020 220 58 E-20 220 11/12/2020 11/12/2020 Books

Powered by Koha